| 000 | 00859nam a2200253Ia 4500 | ||
|---|---|---|---|
| 003 | OSt | ||
| 005 | 20241122112904.0 | ||
| 008 | 210716s2009 xx 000 0 und d | ||
| 020 | _a9788131724071 | ||
| 040 | _cAIMIT LIBRARY | ||
| 041 | _aeng | ||
| 082 |
_a005.74 _bDREA |
||
| 100 |
_aDreibelbis, Allen. _9186002 |
||
| 245 |
_aEnterprise master data management: _bsoa approach to managing core information / _cBy Allen Dreibelbis...[et.al.]. |
||
| 250 | _a1st ed. | ||
| 260 |
_aNew Delhi : _bPearson Education , _c2009. |
||
| 300 |
_axxxv,617 p.; _bPB _c25.2 cm. |
||
| 650 |
_aIntroducing master data management _9186003 |
||
| 650 |
_aMDM reference architecture _9186004 |
||
| 650 |
_aMDM security and privacy _9186005 |
||
| 650 |
_aCDI MDM solution blueprints _9186006 |
||
| 650 |
_aMDM architecture patterns _9186007 |
||
| 942 |
_2ddc _cBK _k005.74 DREA |
||
| 999 |
_c189166 _d189166 |
||